00389nam a2200121Ia 4500082002700000100001600027245009500043260003500138300000900173526003700182650000800219650004000227 a297.63bUSWcL-31,p-25 aArif Billah aUswai Rasool-e-Akram (S.A.W.)bthe life example and teachings of the Holy Prophet Muhammad aKarachi:bSiddiqi Trust,c19-? a436p a0b0c0d297_630000000000000_USW aMCE aMuhammad (S.A.W.), Prophet, 571-632